<?xml version="1.0" encoding="UTF-8"?>
<record
    xmlns:xsi="http://www.w3.org/2001/XMLSchema-instance"
    xsi:schemaLocation="http://www.loc.gov/MARC21/slim http://www.loc.gov/standards/marcxml/schema/MARC21slim.xsd"
    xmlns="http://www.loc.gov/MARC21/slim">

  <leader>01134nam a2200241 i 4500</leader>
  <controlfield tag="001">45813</controlfield>
  <controlfield tag="003">ES-MaACL</controlfield>
  <controlfield tag="005">20250816050159.0</controlfield>
  <controlfield tag="007">t|</controlfield>
  <controlfield tag="008">030327m18921897fr           ||||1| fre d</controlfield>
  <datafield tag="080" ind1=" " ind2=" ">
    <subfield code="a">73.032(38)</subfield>
  </datafield>
  <datafield tag="100" ind1="1" ind2=" ">
    <subfield code="a">Collignon, Maxime.</subfield>
    <subfield code="9">39712</subfield>
  </datafield>
  <datafield tag="245" ind1="1" ind2="0">
    <subfield code="a">Histoire de la sculpture grecque / </subfield>
    <subfield code="c">par Maxime Collignon.</subfield>
  </datafield>
  <datafield tag="260" ind1=" " ind2=" ">
    <subfield code="a">Paris : </subfield>
    <subfield code="b">Firmin Didot et Cie., </subfield>
    <subfield code="c">1892-1897.</subfield>
  </datafield>
  <datafield tag="300" ind1=" " ind2=" ">
    <subfield code="a">2 v. (569 p., [11] h. de l&#xE1;m. ; 715 p., [12] h. de l&#xE1;m.) : </subfield>
    <subfield code="b">il. ;</subfield>
    <subfield code="c">29 cm.</subfield>
  </datafield>
  <datafield tag="505" ind1="8" ind2=" ">
    <subfield code="a">Contiene: I. Les origenes . Les primitifs . L'archa&#xEF;sme avanc&#xE9; . L'&#xE9;poque des grands ma&#xEE;tres du cinqui&#xE8;me si&#xE8;cle -- II. L'influence des grand ma&#xEE;tres du cinqui&#xE8;me si&#xE8;cle . Le quatri&#xE8;me si&#xE8;cle . L'&#xE9;poque hell&#xE9;nistique . L'art grec apr&#xE8;s la conqu&#xEA;te romaine</subfield>
  </datafield>
  <datafield tag="530" ind1=" " ind2=" ">
    <subfield code="a">Disponible en formato digital.</subfield>
  </datafield>
  <datafield tag="650" ind1=" " ind2="7">
    <subfield code="a">Escultura griega</subfield>
    <subfield code="2">embne</subfield>
    <subfield code="9">12443</subfield>
  </datafield>
  <datafield tag="852" ind1="4" ind2=" ">
    <subfield code="a">ES-MaACL</subfield>
    <subfield code="j">B-11467-68</subfield>
  </datafield>
  <datafield tag="856" ind1="4" ind2=" ">
    <subfield code="u">https://archive.org/details/histoiredelascul01colluoft </subfield>
    <subfield code="z">Internet Archive</subfield>
    <subfield code="z">(V. 1)</subfield>
  </datafield>
  <datafield tag="856" ind1="4" ind2=" ">
    <subfield code="u">https://archive.org/details/histoiredelascul02colluoft </subfield>
    <subfield code="z">Internet Archive</subfield>
    <subfield code="z">(V. 2)</subfield>
  </datafield>
  <datafield tag="999" ind1=" " ind2=" ">
    <subfield code="c">45813</subfield>
    <subfield code="d">45813</subfield>
  </datafield>
  <datafield tag="952" ind1=" " ind2=" ">
    <subfield code="0">0</subfield>
    <subfield code="1">0</subfield>
    <subfield code="4">0</subfield>
    <subfield code="7">0</subfield>
    <subfield code="8">Colecci&#xF3;n_digital</subfield>
    <subfield code="a">ATENEOM</subfield>
    <subfield code="b">ATENEOM</subfield>
    <subfield code="c">SPB</subfield>
    <subfield code="d">2008-01-17</subfield>
    <subfield code="e">SC</subfield>
    <subfield code="l">0</subfield>
    <subfield code="o">B-11467-68</subfield>
    <subfield code="p">1048197</subfield>
    <subfield code="r">2023-02-23 00:00:00</subfield>
    <subfield code="w">2023-02-23</subfield>
    <subfield code="y">MONANT</subfield>
  </datafield>
</record>
